|
|
|
|
| LEADER |
02078nam a2200457 i 4500 |
| 001 |
EBC4855912 |
| 003 |
MiAaPQ |
| 005 |
20200520144314.0 |
| 006 |
m o d | |
| 007 |
cr cnu|||||||| |
| 008 |
170526t20172017gw ob 001 0 ger d |
| 020 |
|
|
|z 9783110530452
|
| 020 |
|
|
|a 9783110530698
|q (electronic bk.)
|
| 020 |
|
|
|a 9783110530476
|q (electronic bk.)
|
| 035 |
|
|
|a (MiAaPQ)EBC4855912
|
| 035 |
|
|
|a (Au-PeEL)EBL4855912
|
| 035 |
|
|
|a (CaPaEBR)ebr11382571
|
| 035 |
|
|
|a (OCoLC)987078672
|
| 040 |
|
|
|a MiAaPQ
|b eng
|e rda
|e pn
|c MiAaPQ
|d MiAaPQ
|
| 050 |
|
4 |
|a HB75
|b .K653 2017
|
| 082 |
0 |
|
|a 330.09
|2 23
|
| 100 |
1 |
|
|a Kolb, Gerhard,
|e author.
|
| 245 |
1 |
0 |
|a Okonomische Ideengeschichte :
|b Volks- und betriebswirtschaftliche entwicklungslinien von der antike bis zum neoliberalismus /
|c Gerhard Kolb.
|
| 250 |
|
|
|a 3., uberarbeitete und erneut erweiterte Auflage.
|
| 264 |
|
1 |
|a Berlin, [Germany] :
|b De Gruyter Oldenbourg,
|c 2017.
|
| 264 |
|
4 |
|c 2017
|
| 300 |
|
|
|a 1 online resource (148 pages).
|
| 336 |
|
|
|a text
|2 rdacontent
|
| 337 |
|
|
|a computer
|2 rdamedia
|
| 338 |
|
|
|a online resource
|2 rdacarrier
|
| 490 |
1 |
|
|a De Gruyter Studium
|
| 504 |
|
|
|a Includes bibliographical references and index.
|
| 588 |
|
|
|a Description based on online resource; title from PDF title page (ebrary, viewed May 25 , 2017).
|
| 590 |
|
|
|a Electronic reproduction. Ann Arbor, MI : ProQuest, 2016. Available via World Wide Web. Access may be limited to ProQuest affiliated libraries.
|
| 650 |
|
0 |
|a Economics
|x History.
|
| 650 |
|
0 |
|a Economic policy
|x History.
|
| 655 |
|
4 |
|a Electronic books.
|
| 776 |
0 |
8 |
|i Print version:
|a Kolb, Gerhard.
|t Okonomische Ideengeschichte : Volks- und betriebswirtschaftliche entwicklungslinien von der antike bis zum neoliberalismus.
|b 3., uberarbeitete und erneut erweiterte Auflage.
|d Berlin, [Germany] : De Gruyter Oldenbourg, c2017
|h xi, 135 pages
|k De Gruyter Studium.
|z 9783110530452
|
| 797 |
2 |
|
|a ProQuest (Firm)
|
| 830 |
|
0 |
|a De Gruyter Studium.
|
| 856 |
4 |
0 |
|u https://ebookcentral.proquest.com/lib/matrademy/detail.action?docID=4855912
|z Click to View
|